Countries by Picture #4 - Statistics

General Stats
  • This quiz has been taken 45,168 times
  • The average score is 8 of 15
Answer Stats
Picture Answer % Correct
Greece
98%
North Korea
96%
Italy
92%
Nepal
78%
China
68%
Sudan
51%
Morocco
50%
Myanmar
48%
Belgium
44%
Mexico
38%
Portugal
35%
Mali
32%
Pakistan
27%
Monaco
23%
Sri Lanka
16%
No matching quizzes found
Score Distribution
Percent of People with Each Score
Percentile by Number Answered
Your Score History
You have not taken this quiz